<?xml version="1.0" encoding="UTF-8"?>
<record
    xmlns:xsi="http://www.w3.org/2001/XMLSchema-instance"
    xsi:schemaLocation="http://www.loc.gov/MARC21/slim http://www.loc.gov/standards/marcxml/schema/MARC21slim.xsd"
    xmlns="http://www.loc.gov/MARC21/slim">

  <leader>01869cam a2200349 a 4500</leader>
  <datafield tag="999" ind1=" " ind2=" ">
    <subfield code="c">7340</subfield>
    <subfield code="d">7340</subfield>
  </datafield>
  <controlfield tag="001">46517937</controlfield>
  <controlfield tag="003">OCoLC</controlfield>
  <controlfield tag="005">20190207162442.0</controlfield>
  <controlfield tag="008">120110s2000    mdu           000 0 eng d</controlfield>
  <datafield tag="010" ind1=" " ind2=" ">
    <subfield code="a">2011501548</subfield>
  </datafield>
  <datafield tag="020" ind1=" " ind2=" ">
    <subfield code="a">1581580223</subfield>
  </datafield>
  <datafield tag="020" ind1=" " ind2=" ">
    <subfield code="a">9781581580228</subfield>
  </datafield>
  <datafield tag="020" ind1=" " ind2=" ">
    <subfield code="a">158158072X</subfield>
  </datafield>
  <datafield tag="020" ind1=" " ind2=" ">
    <subfield code="a">9781581580723</subfield>
  </datafield>
  <datafield tag="035" ind1=" " ind2=" ">
    <subfield code="a">(OCoLC)46517937</subfield>
    <subfield code="z">(OCoLC)156023968</subfield>
  </datafield>
  <datafield tag="040" ind1=" " ind2=" ">
    <subfield code="a">VRD</subfield>
    <subfield code="b">eng</subfield>
    <subfield code="c">VRD</subfield>
    <subfield code="d">DLC</subfield>
    <subfield code="d">TMS</subfield>
    <subfield code="d">YDXCP</subfield>
    <subfield code="d">PBE</subfield>
    <subfield code="d">CHC</subfield>
    <subfield code="d">SGB</subfield>
    <subfield code="d">OCLCF</subfield>
    <subfield code="d">P4I</subfield>
    <subfield code="d">OCLCQ</subfield>
  </datafield>
  <datafield tag="042" ind1=" " ind2=" ">
    <subfield code="a">lccopycat</subfield>
  </datafield>
  <datafield tag="082" ind1=" " ind2=" ">
    <subfield code="a">303.48</subfield>
    <subfield code="b">L287F</subfield>
  </datafield>
  <datafield tag="092" ind1=" " ind2=" ">
    <subfield code="a">303.482</subfield>
    <subfield code="b">L287f, 2000</subfield>
  </datafield>
  <datafield tag="100" ind1="1" ind2=" ">
    <subfield code="a">Lanier, Sarah A.</subfield>
  </datafield>
  <datafield tag="245" ind1="1" ind2="0">
    <subfield code="a">Foreign to familiar :</subfield>
    <subfield code="b">a guide to understanding hot- and cold-climate cultures /</subfield>
    <subfield code="c">by Sarah A. Lanier.</subfield>
  </datafield>
  <datafield tag="260" ind1=" " ind2=" ">
    <subfield code="a">Hagerstown, MD :</subfield>
    <subfield code="b">McDougal Pub.,</subfield>
    <subfield code="c">&#xA9;2000.</subfield>
  </datafield>
  <datafield tag="300" ind1=" " ind2=" ">
    <subfield code="a">128 pages ;</subfield>
    <subfield code="c">19 cm</subfield>
  </datafield>
  <datafield tag="336" ind1=" " ind2=" ">
    <subfield code="a">text</subfield>
    <subfield code="b">txt</subfield>
    <subfield code="2">rdacontent</subfield>
  </datafield>
  <datafield tag="337" ind1=" " ind2=" ">
    <subfield code="a">unmediated</subfield>
    <subfield code="b">n</subfield>
    <subfield code="2">rdamedia</subfield>
  </datafield>
  <datafield tag="338" ind1=" " ind2=" ">
    <subfield code="a">volume</subfield>
    <subfield code="b">nc</subfield>
    <subfield code="2">rdacarrier</subfield>
  </datafield>
  <datafield tag="505" ind1="0" ind2="0">
    <subfield code="t">Hot- versus cold-climate cultures --</subfield>
    <subfield code="t">Relationship versus task orientation --</subfield>
    <subfield code="t">Direct versus indirect communication --</subfield>
    <subfield code="t">Inclusion versus piracy --</subfield>
    <subfield code="t">Different concepts of hospitality --</subfield>
    <subfield code="t">High-context versus low-context cultures --</subfield>
    <subfield code="t">Different concepts of time and plannig --</subfield>
    <subfield code="t">Practical next steps.</subfield>
  </datafield>
  <datafield tag="520" ind1=" " ind2=" ">
    <subfield code="a">Foreign to Familiar is a splendidly written, well-researched work on cultures. Anyone traveling abroad should not leave home without this valuable resource! I highly recommend it as required reading for cross-cultural workers. Sarah Lanier's love and sensitivity for people of all nations will touch your heart. This book creates within us a greater appreciation for our extended families around the world and an increased desire to better serve them. - Dr. Kingsley A. Fletcher President, Hope for Africa, Inc. [on back cover].</subfield>
  </datafield>
  <datafield tag="650" ind1=" " ind2="0">
    <subfield code="a">Intercultural communication.</subfield>
  </datafield>
  <datafield tag="650" ind1=" " ind2="0">
    <subfield code="a">Communication and culture.</subfield>
  </datafield>
  <datafield tag="942" ind1=" " ind2=" ">
    <subfield code="2">ddc</subfield>
    <subfield code="c">BK</subfield>
  </datafield>
  <datafield tag="952" ind1=" " ind2=" ">
    <subfield code="0">0</subfield>
    <subfield code="1">0</subfield>
    <subfield code="2">ddc</subfield>
    <subfield code="4">0</subfield>
    <subfield code="7">0</subfield>
    <subfield code="8">NFIC</subfield>
    <subfield code="a">HMC</subfield>
    <subfield code="b">HMC</subfield>
    <subfield code="c">GEN</subfield>
    <subfield code="d">2019-02-07</subfield>
    <subfield code="g">850.00</subfield>
    <subfield code="l">0</subfield>
    <subfield code="o">303.48 L287F</subfield>
    <subfield code="p">008304</subfield>
    <subfield code="r">2019-02-07 00:00:00</subfield>
    <subfield code="w">2019-02-07</subfield>
    <subfield code="y">BK</subfield>
  </datafield>
</record>
